| 000 | 00705nam a22001817a 4500 | ||
|---|---|---|---|
| 003 | CEME | ||
| 005 | 20210628202434.0 | ||
| 008 | 210204b xxu||||| |||| 00| 0 eng d | ||
| 020 | _a0894-6809 | ||
| 040 | _c. | ||
| 082 | _a621.3815 ICM | ||
| 100 |
_aLoveland, W Haywood, C _959897 |
||
| 245 | _aIc master,vol-i, function index and selection guides | ||
| 260 |
_aNEWYORK _bHEARST BUSINESS COMMUNICATIONS _c2001 |
||
| 300 | _a1791P | ||
| 650 |
_aMEMORY-IC MASTER; LINEAR-IC MASTER; INTERFACE-IC MASTER; DIGITAL SIGNAL PROCESSING-IC MASTER; DIGITAL LOGIC-IC MASTER; CHIP SETS AND MULTIFUNCTION-IC MASTER; ASIC-CUSTOM-IC MASTER; MASTER SELECTION GUIDE I; FUNCTION INDEX _959898 |
||
| 942 |
_cBK _2ddc |
||
| 999 |
_c569769 _d569769 |
||